[Event "Swiss Queens Wed #4"]
[Site "FIDE Online Arena INT"]
[Date "2024.02.21"]
[Round "6"]
[White "Gomez Barrera, Javiera Belen"]
[Black "Galvan Cipriani, Viviana"]
[Result "0-1"]
[WhiteElo "2217"]
[BlackElo "2059"]
[PlyCount "82"]
[EventDate "2024.02.21"]
[EventType "swiss (blitz)"]
[EventRounds "11"]
[EventCountry "NET"]
[SourceTitle "CB09_2024"]
[SourceDate "2024.02.28"]
[SourceVersion "1"]
[SourceVersionDate "2024.02.28"]
[SourceQuality "1"]

1. e4 c5 2. Nf3 Nc6 3. d4 cxd4 4. Nxd4 Nf6 5. Nc3 e5 6. Ndb5 d6 7. Bg5 a6 8. Na3 Be6 9. Bc4 Be7 10. 0-0 0-0 11. Bxe6 fxe6 12. f3 Qb6+ 13. Kh1 Qxb2 14. Qd3 Qxa3 15. Rfb1 b5 16. Bd2 Qc5 17. Be3 Qc4 18. Qd2 Rfc8 19. Nd1 Nd8 20. c3 d5 21. a4 dxe4 22. axb5 axb5 23. Rxa8 Rxa8 24. Nb2 Qc6 25. f4 exf4 26. Bxf4 Nd5 27. Be5 Nf7 28. Bd4 e5 29. Be3 Nxc3 30. Rc1 b4 31. Rf1 Rd8 32. Qf2 Qg6 33. Nc4 Rf8 34. Qc2 h6 35. Qb3 Kh8 36. h3 Qg3 37. Bf2 Qg6 38. Be3 Qe6 39. Ra1 Nd6 40. Nd2 Qxb3 41. Nxb3 Nc4 0-1

[Event "Swiss Queens Wed #1"]
[Site "FIDE Online Arena INT"]
[Date "2024.01.31"]
[Round "9"]
[White "Doluhanova, Evgeniya"]
[Black "Galvan Cipriani, Viviana"]
[Result "1-0"]
[WhiteElo "2224"]
[BlackElo "2104"]
[PlyCount "79"]
[EventDate "2024.01.31"]
[EventType "swiss (blitz)"]
[EventRounds "11"]
[EventCountry "NET"]
[SourceTitle "CB06_2024"]
[SourceDate "2024.02.07"]
[SourceVersion "1"]
[SourceVersionDate "2024.02.07"]
[SourceQuality "1"]

1. c4 e5 2. d3 Nc6 3. a3 Nf6 4. Nf3 a6 5. b4 d5 6. cxd5 Nxd5 7. Bb2 f6 8. g3 Be6 9. Bg2 Be7 10. 0-0 0-0 11. Nc3 Qd7 12. Rc1 Kh8 13. Ne4 a5 14. b5 Na7 15. a4 b6 16. Nc3 Rac8 17. Nh4 Nb4 18. Ne4 c6 19. bxc6 Naxc6 20. Ba3 f5 21. Nd2 Bxh4 22. gxh4 Bd5 23. Nf3 Qe6 24. e4 Bb3 25. Qd2 f4 26. d4 exd4 27. Bxb4 axb4 28. Nxd4 Nxd4 29. Qxd4 Rxc1 30. Rxc1 f3 31. Bf1 Qg4+ 32. Kh1 Bg8 33. Qxb4 Rf6 34. h3 Qxh4 35. Rc8 Qxf2 36. Qc4 Rf7 37. Rxg8+ Kxg8 38. Qc8+ Rf8 39. Bc4+ Kh8 40. Qxf8# 1-0

[Event "EU-ch Blitz (Women)"]
[Site "Monaco"]
[Date "2024.01.12"]
[Round "12"]
[White "Galvan Cipriani, Viviana"]
[Black "Unuk, Laura"]
[Result "1-0"]
[WhiteElo "2104"]
[BlackElo "2346"]
[PlyCount "147"]
[EventDate "2024.01.12"]
[EventType "swiss (blitz)"]
[EventRounds "13"]
[EventCountry "MNC"]
[SourceTitle "CB03_2024"]
[SourceDate "2024.01.17"]
[SourceVersion "1"]
[SourceVersionDate "2024.01.17"]
[SourceQuality "1"]

1. c4 e6 2. Nf3 d5 3. b3 c5 4. g3 d4 5. Bg2 Nc6 6. e3 Nf6 7. exd4 cxd4 8. 0-0 Be7 9. d3 0-0 10. Re1 a5 11. Ne5 Nxe5 12. Rxe5 Nd7 13. Rb5 Qc7 14. Ba3 Nc5 15. b4 axb4 16. Bxb4 Bd7 17. Bxc5 Bxb5 18. Bxe7 Ba4 19. Qg4 Qxe7 20. Qxd4 Rfd8 21. Qc3 Qd7 22. Bf1 Bc6 23. Nd2 Qd6 24. Nb3 e5 25. Qb2 Qf6 26. Nd2 Qf5 27. Re1 f6 28. Ne4 Qf3 29. Re3 Qh5 30. h3 Rd4 31. g4 Qf7 32. Ng3 g6 33. a3 Rad8 34. Qb4 Qf8 35. Qb2 Ra8 36. g5 fxg5 37. Rxe5 Qd6 38. Rxg5 Rxa3 39. c5 Qf6 40. Rxg6+ hxg6 41. Qxa3 Rf4 42. Qa2+ Kg7 43. Qc2 Qe6 44. Qc3+ Qf6 45. Qc2 Rd4 46. Qd2 Qf3 47. Qg5 Qf6 48. Qd2 Rd5 49. Qe3 Re5 50. Qd4 Rg5 51. Qe3 Qe5 52. Qxe5+ Rxe5 53. d4 Rd5 54. Ne2 Rd8 55. Bg2 Bxg2 56. Kxg2 Re8 57. Nc3 Re1 58. Kf3 Rc1 59. Nb5 Rb1 60. Nd6 Kf6 61. Ke4 Rb3 62. Kd5 Rxh3 63. Nxb7 Rf3 64. Kd6 Rxf2 65. c6 Rc2 66. Nc5 Ra2 67. c7 Ra8 68. Nd7+ Kf5 69. Nb8 Ra1 70. c8Q+ Kf4 71. Qf8+ Ke3 72. Qe7+ Kxd4 73. Qf6+ Kd3 74. Qxa1 1-0

[Event "EU-ch Blitz (Women)"]
[Site "Monaco"]
[Date "2024.01.12"]
[Round "5"]
[White "Hunt, Harriet"]
[Black "Galvan Cipriani, Viviana"]
[Result "1-0"]
[WhiteElo "2306"]
[BlackElo "2104"]
[PlyCount "136"]
[EventDate "2024.01.12"]
[EventType "swiss (blitz)"]
[EventRounds "13"]
[EventCountry "MNC"]
[SourceTitle "CB03_2024"]
[SourceDate "2024.01.17"]
[SourceVersion "1"]
[SourceVersionDate "2024.01.17"]
[SourceQuality "1"]

1. e4 c5 2. Nf3 Nc6 3. Bb5 g6 4. Bxc6 bxc6 5. 0-0 Bg7 6. Re1 Nf6 7. c3 0-0 8. d4 cxd4 9. cxd4 d6 10. h3 Rb8 11. Nc3 a5 12. Qc2 Ba6 13. Bg5 Qb6 14. b3 Rfe8 15. Rac1 Rbc8 16. Qd2 Nd7 17. Bh6 Bh8 18. Be3 Qb7 19. Na4 Bb5 20. Qxa5 Bxa4 21. Qxa4 Ra8 22. Qxc6 Qxc6 23. Rxc6 Rxa2 24. Rb1 Nf6 25. Nd2 Rb8 26. b4 Nd7 27. Nc4 Rc2 28. b5 Kf8 29. Kf1 Ke8 30. Ke1 Kd8 31. Kd1 Rc3 32. Kd2 Rxc4 33. Rxc4 d5 34. exd5 Nb6 35. Rc5 Nd7 36. Rc6 Nb6 37. d6 e6 38. Rc7 Ke8 39. Re7+ Kf8 40. Kd3 Bf6 41. Ra7 Ke8 42. Bf4 Nd7 43. Ra6 g5 44. Bg3 Bd8 45. Rc6 Bb6 46. Kc4 Ra8 47. d5 Ra4+ 48. Rb4 exd5+ 49. Kb3 Ra8 50. Rg4 h6 51. h4 f6 52. hxg5 hxg5 53. f4 gxf4 54. Bxf4 Kf7 55. Rh4 Ke6 56. Rh3 Bd4 57. Rh1 Rb8 58. Re1+ Be5 59. Kb4 Kf5 60. Bxe5 fxe5 61. Rc7 Ke6 62. Rc6 e4 63. Rh1 Ke5 64. Rh5+ Kd4 65. Rc7 Ne5 66. d7 Nd3+ 67. Ka5 e3 68. Rc8 Rxc8 1-0

[Event "ESP-ch 88th"]
[Site "Marbella"]
[Date "2023.10.21"]
[Round "9"]
[White "Galvan Cipriani, Viviana"]
[Black "Casado Torres, Daniel"]
[Result "1-0"]
[WhiteElo "2077"]
[BlackElo "1685"]
[PlyCount "81"]
[EventDate "2023.10.13"]
[EventType "swiss"]
[EventRounds "9"]
[EventCountry "ESP"]
[SourceTitle "Mega2024 Update 01"]
[Source "Chessbase"]
[SourceDate "2023.11.12"]
[SourceVersion "1"]
[SourceVersionDate "2023.11.12"]
[SourceQuality "1"]

1. c4 e5 2. g3 c6 3. Bg2 Nf6 4. Nf3 Bd6 5. Nc3 0-0 6. d4 exd4 7. Nxd4 Bb4 8. 0-0 Bxc3 9. bxc3 d6 10. Rb1 Qe7 11. Bg5 h6 12. Bf4 Rd8 13. Qc2 Na6 14. Rfe1 Nc5 15. e4 Ng4 16. Nb3 Ne5 17. Nxc5 dxc5 18. Bxe5 Qxe5 19. f4 Qc7 20. h3 a5 21. Re3 Qd7 22. Rbe1 Qd2 23. Qb1 Be6 24. Bf1 Rab8 25. f5 Bc8 26. Qb6 Ra8 27. a3 Ra6 28. Qxc5 Qb2 29. Qe7 Rf8 30. Rd1 Qb6 31. c5 Qb2 32. Red3 Ra8 33. Rd8 Rxd8 34. Rxd8+ Kh7 35. Qf8 Bxf5 36. Qg8+ Kg6 37. exf5+ Kf6 38. Rd6+ Ke5 39. Qxg7+ Ke4 40. Qd4+ Kf3 41. Qf4# 1-0

[Event "Guardamar Esphouses op 1st"]
[Site "Guardamar del Segura"]
[Date "2023.09.07"]
[Round "6"]
[White "Yuste Valenzuela, Alejandro"]
[Black "Galvan Cipriani, Viviana"]
[Result "0-1"]
[WhiteElo "2090"]
[BlackElo "2010"]
[PlyCount "94"]
[EventDate "2023.09.04"]
[EventType "swiss"]
[EventRounds "9"]
[EventCountry "ESP"]
[SourceTitle "EXT 2024"]
[Source "ChessBase"]
[SourceDate "2023.10.10"]
[SourceVersion "1"]
[SourceVersionDate "2023.10.10"]
[SourceQuality "1"]

1. e4 c5 2. Nf3 e6 3. d4 cxd4 4. Nxd4 a6 5. Nc3 Qc7 6. g3 Bb4 7. Bd2 Nc6 8. Nxc6 dxc6 9. Bg2 e5 10. a3 Bc5 11. Qe2 b5 12. 0-0 Ne7 13. Kh1 Be6 14. b3 h5 15. a4 b4 16. Nd1 Bd4 17. Rb1 a5 18. Ne3 g5 19. Rfc1 h4 20. c3 bxc3 21. Bxc3 hxg3 22. fxg3 Qd6 23. Bxd4 exd4 24. Nf5 Qe5 25. Qc2 Bxf5 26. exf5 Rc8 27. Qf2 Nxf5 28. Kg1 Ne3 29. Re1 c5 30. Re2 0-0 31. Qf3 g4 32. Qf2 Rb8 33. Qe1 Rb4 34. Bc6 Kg7 35. Qd2 Qe6 36. Bd5 Qg6 37. Rc1 Nxd5 38. Rxc5 Ne3 39. Rxa5 Qb1+ 40. Re1 Qxb3 41. Rg5+ Kh7 42. Qf2 Qc2 43. Qxc2+ Nxc2 44. Ree5 Ne3 45. h3 Rb1+ 46. Kf2 Rb2+ 47. Kg1 Rc8 0-1

[Event "ESP-chT CECLUB Div1"]
[Site "Linares"]
[Date "2023.08.26"]
[Round "7.24"]
[White "Galvan Cipriani, Viviana"]
[Black "Antich Fernandez, Marta Isabel"]
[Result "1-0"]
[WhiteElo "2024"]
[BlackElo "1932"]
[PlyCount "95"]
[EventDate "2023.08.20"]
[EventType "team-tourn"]
[EventRounds "7"]
[EventCountry "ESP"]
[SourceTitle "CBM 215 Extra"]
[Source "ChessBase"]
[SourceDate "2023.09.30"]
[SourceVersion "1"]
[SourceVersionDate "2023.09.30"]
[SourceQuality "1"]
[WhiteTeam "Barbera"]
[BlackTeam "Oromana CEN Solutions"]
[WhiteTeamCountry "ESP"]
[BlackTeamCountry "ESP"]

1. c4 e6 2. Nf3 d5 3. b3 c5 4. e3 Nf6 5. Bb2 Nc6 6. g3 Be7 7. Bg2 dxc4 8. bxc4 Qd3 9. Qb3 Nb4 10. Na3 Qxb3 11. axb3 Nd3+ 12. Ke2 Nxb2 13. Rhb1 Nxc4 14. bxc4 0-0 15. Nb5 a5 16. Ne5 Rd8 17. Nc3 Ra7 18. Rb5 Bd6 19. Nd3 Nd7 20. Rbxa5 Rxa5 21. Rxa5 Bc7 22. Ra2 Bd6 23. Rb2 b6 24. Nb5 Be7 25. Ra2 Nb8 26. Ra7 Bf6 27. f4 Ba6 28. g4 g6 29. Nf2 Bxb5 30. cxb5 Kf8 31. Rb7 Nd7 32. Bc6 Nb8 33. Rxb6 Rc8 34. Bf3 Bd8 35. Rb7 Bc7 36. Nd3 Bd6 37. Nf2 Rd8 38. Ne4 Be7 39. Nc3 Nd7 40. Na4 Nf6 41. Rc7 Ne8 42. Ra7 Nd6 43. b6 Nc8 44. Ra8 Nd6 45. b7 Nxb7 46. Bxb7 Rxa8 47. Bxa8 Ke8 48. Kd3 1-0

[Event "ESP-chT CECLUB Div1"]
[Site "Linares"]
[Date "2023.08.24"]
[Round "5.6"]
[White "Galvan Cipriani, Viviana"]
[Black "Ambartsumova, Karina"]
[Result "0-1"]
[WhiteElo "2024"]
[BlackElo "2393"]
[PlyCount "113"]
[EventDate "2023.08.20"]
[EventType "team-tourn"]
[EventRounds "7"]
[EventCountry "ESP"]
[SourceTitle "CBM 215 Extra"]
[Source "ChessBase"]
[SourceDate "2023.09.30"]
[SourceVersion "1"]
[SourceVersionDate "2023.09.30"]
[SourceQuality "1"]
[WhiteTeam "Barbera"]
[BlackTeam "Sestao Hotel Naval"]
[WhiteTeamCountry "ESP"]
[BlackTeamCountry "ESP"]

1. d4 d6 2. Nf3 Nf6 3. g3 g6 4. Bg2 Bg7 5. c4 0-0 6. Nc3 Nc6 7. 0-0 a6 8. d5 Na5 9. b3 Rb8 10. Bb2 b5 11. cxb5 axb5 12. Nd4 b4 13. Na4 e5 14. Nc6 Nxc6 15. dxc6 Bf5 16. Re1 Be4 17. Rc1 Bxg2 18. Kxg2 Nh5 19. Qd5 Qe7 20. e3 Nf6 21. Qd2 Rfd8 22. f4 Qe6 23. Rcd1 Re8 24. Rc1 h5 25. h3 Ne4 26. Qc2 f5 27. h4 Kh7 28. Qc4 Qe7 29. Rcd1 Bf6 30. Rg1 Qg7 31. Ba1 Re7 32. Rge1 Ree8 33. Rg1 exf4 34. exf4 Bxa1 35. Rxa1 Nf6 36. Rge1 Ng4 37. Kf3 Re7 38. Rxe7 Qxe7 39. Qe2 Qf7 40. Rd1 Re8 41. Qc4 Re3+ 42. Kg2 Qxc4 43. bxc4 Re2+ 44. Kg1 Rxa2 45. Rxd6 Rxa4 46. Rd7+ Kh6 47. Rxc7 b3 48. Rb7 Rxc4 49. Rxb3 Rxc6 50. Kg2 Rc2+ 51. Kg1 Nf6 52. Ra3 Ne4 53. Kf1 Rc3 54. Rxc3 Nxc3 55. Kg2 Kg7 56. Kf3 Kf6 57. Ke3 0-1

[Event "ESP-ch Rapid"]
[Site "Linares"]
[Date "2023.08.19"]
[Round "3"]
[White "Cruz Lledo, Pablo"]
[Black "Galvan Cipriani, Viviana"]
[Result "1-0"]
[WhiteElo "2364"]
[BlackElo "2024"]
[PlyCount "87"]
[EventDate "2023.08.19"]
[EventType "swiss (rapid)"]
[EventRounds "10"]
[EventCountry "ESP"]
[SourceTitle "CBM 215 Extra"]
[Source "ChessBase"]
[SourceDate "2023.09.30"]
[SourceVersion "1"]
[SourceVersionDate "2023.09.30"]
[SourceQuality "1"]

1. d4 Nf6 2. c4 e6 3. Nc3 Bb4 4. e3 d5 5. Bd2 0-0 6. Nf3 c6 7. Rc1 Nbd7 8. cxd5 exd5 9. Bd3 Re8 10. 0-0 Bd6 11. Re1 Ne4 12. Ne2 Ndf6 13. Ng3 Bg4 14. Be2 Qb6 15. Bc3 h6 16. Nd2 Bxe2 17. Qxe2 Nxc3 18. bxc3 Qc7 19. c4 Qd7 20. Qd3 Bb4 21. Red1 Bxd2 22. Rxd2 Ne4 23. Nxe4 dxe4 24. Qb1 b6 25. c5 Rab8 26. cxb6 Rxb6 27. Qc2 Re6 28. h3 Rb5 29. Rb1 Rg5 30. Rb8+ Kh7 31. f4 Rg3 32. Rb3 f5 33. Qc5 Rd6 34. Re2 Rd5 35. Qf8 Rg6 36. Rb8 Rf6 37. Qg8+ Kg6 38. Reb2 Rf7 39. Kh2 c5 40. R8b7 Qe6 41. dxc5 Rxc5 42. Rxa7 Rc3 43. Rb6 Qxb6 44. Qxf7+ 1-0

[Event "ESP-ch Rapid"]
[Site "Linares"]
[Date "2023.08.19"]
[Round "1"]
[White "Tejedor Fuente, Enrique"]
[Black "Galvan Cipriani, Viviana"]
[Result "1-0"]
[WhiteElo "2386"]
[BlackElo "2024"]
[PlyCount "51"]
[EventDate "2023.08.19"]
[EventType "swiss (rapid)"]
[EventRounds "10"]
[EventCountry "ESP"]
[SourceTitle "CBM 215 Extra"]
[Source "ChessBase"]
[SourceDate "2023.09.30"]
[SourceVersion "1"]
[SourceVersionDate "2023.09.30"]
[SourceQuality "1"]

1. e4 c5 2. Nf3 Nc6 3. Bb5 g6 4. 0-0 Bg7 5. c3 Nf6 6. Re1 0-0 7. e5 Nd5 8. d4 cxd4 9. cxd4 d6 10. exd6 Qxd6 11. h3 Be6 12. Nc3 Nxc3 13. bxc3 a6 14. Ba4 b5 15. Bb3 Bxb3 16. axb3 b4 17. Bb2 bxc3 18. Bxc3 Rfb8 19. Ra4 Rb5 20. Re3 e6 21. Qc2 Ne7 22. Bd2 Bh6 23. Re5 Bxd2 24. Rxb5 Rc8 25. Rc5 Rxc5 26. Qxc5 1-0

[Event "Fredericia Kandidats"]
[Site "Fredericia"]
[Date "2023.05.20"]
[Round "3"]
[White "Galvan Cipriani, Viviana"]
[Black "Guindy, Esmat Susanne"]
[Result "1/2-1/2"]
[WhiteElo "2049"]
[BlackElo "2053"]
[PlyCount "88"]
[EventDate "2023.05.19"]
[EventType "swiss"]
[EventRounds "5"]
[EventCountry "DEN"]
[SourceTitle "EXT 2024"]
[Source "ChessBase"]
[SourceDate "2023.10.10"]
[SourceVersion "1"]
[SourceVersionDate "2023.10.10"]
[SourceQuality "1"]

1. c4 e6 2. Nf3 d5 3. b3 Nf6 4. g3 c5 5. Bg2 Be7 6. 0-0 0-0 7. e3 b6 8. Bb2 Bb7 9. Qe2 Nbd7 10. Rd1 Qc7 11. Nc3 Rac8 12. Rac1 Qb8 13. cxd5 Nxd5 14. e4 Nxc3 15. dxc3 Rfd8 16. c4 Qa8 17. Ne1 Nb8 18. Qg4 Bf8 19. h4 Nc6 20. Nc2 Rc7 21. h5 h6 22. Rxd8 Qxd8 23. Rd1 Rd7 24. Rxd7 Qxd7 25. Qe2 Nd4 26. Nxd4 cxd4 27. e5 Bxg2 28. Kxg2 d3 29. Qd1 a5 30. Bc3 Bb4 31. Bxb4 axb4 32. Qd2 Qd4 33. Kf3 f5 34. exf6 gxf6 35. Qe3 e5 36. Qxh6 d2 37. Qg6+ Kf8 38. Qxf6+ Ke8 39. Qc6+ Kd8 40. Qa8+ Kc7 41. Qa7+ Kc8 42. Qa8+ Kc7 43. Qa7+ Kc8 44. Qa8+ Kc7 1/2-1/2

[Event "Fredericia Kandidats"]
[Site "Fredericia"]
[Date "2023.05.20"]
[Round "2"]
[White "Perets, Dmitry"]
[Black "Galvan Cipriani, Viviana"]
[Result "1-0"]
[WhiteElo "2041"]
[BlackElo "2049"]
[PlyCount "104"]
[EventDate "2023.05.19"]
[EventType "swiss"]
[EventRounds "5"]
[EventCountry "DEN"]
[SourceTitle "EXT 2024"]
[Source "ChessBase"]
[SourceDate "2023.10.10"]
[SourceVersion "1"]
[SourceVersionDate "2023.10.10"]
[SourceQuality "1"]

1. Nf3 Nf6 2. c4 g6 3. b3 Bg7 4. Bb2 c6 5. e4 d6 6. Be2 Nbd7 7. 0-0 0-0 8. Qc2 Nc5 9. d3 a5 10. Nc3 e5 11. d4 exd4 12. Nxd4 Ng4 13. Rad1 Qe7 14. h3 Nh6 15. Rfe1 f5 16. Bf3 Qc7 17. Ndb5 cxb5 18. Nxb5 Qb8 19. Bxg7 Kxg7 20. Qc3+ Kg8 21. exf5 Bxf5 22. Bd5+ Nf7 23. g4 Bd7 24. Nxd6 Ra6 25. Nxf7 Rxf7 26. Bxf7+ Kxf7 27. Qf3+ Rf6 28. Qd5+ Be6 29. Qxc5 h5 30. Rxe6 Rxe6 31. Rd7+ Kg8 32. Rc7 b6 33. Rc8+ Kh7 34. Qf8 Re1+ 35. Kg2 Qb7+ 36. Kg3 Rg1+ 37. Kh4 Qg7 38. Qxg7+ Kxg7 39. Kg5 hxg4 40. Rc7+ Kf8 41. hxg4 Rg2 42. f4 Rxa2 43. Kxg6 Ra3 44. f5 Ke8 45. f6 Kd8 46. Ra7 Rxb3 47. f7 Rf3 48. g5 a4 49. Kg7 a3 50. Rxa3 Rf4 51. Ra7 Kc8 52. f8Q+ Rxf8 1-0

[Event "Sitges Sunway op 9th"]
[Site "Sitges"]
[Date "2022.12.12"]
[Round "1"]
[White "Galvan Cipriani, Viviana"]
[Black "Raja, Rithvik R"]
[Result "0-1"]
[WhiteElo "2088"]
[BlackElo "2453"]
[PlyCount "90"]
[EventDate "2022.12.12"]
[EventType "swiss"]
[EventRounds "10"]
[EventCountry "ESP"]
[SourceTitle "CBM 211 Extra"]
[Source "ChessBase"]
[SourceDate "2023.01.31"]
[SourceVersion "1"]
[SourceVersionDate "2023.01.31"]
[SourceQuality "1"]

1. c4 e6 2. Nc3 d5 3. d4 Bb4 4. Nf3 Nf6 5. cxd5 exd5 6. Qc2 c5 7. a3 Bxc3+ 8. bxc3 Nc6 9. e3 0-0 10. Be2 Ne4 11. 0-0 Bf5 12. Qb2 c4 13. Nd2 Nxd2 14. Bxd2 Na5 15. Rae1 Re8 16. f3 Re6 17. e4 dxe4 18. Qb5 e3 19. Bc1 Bc2 20. Bxc4 Nxc4 21. Qxc4 Rc8 22. Qb5 a6 23. Qb2 Bd3 24. Bxe3 Bxf1 25. Kxf1 Qd5 26. Kf2 h6 27. Rb1 Rce8 28. Re1 b5 29. Bd2 Rxe1 30. Bxe1 Qh5 31. Qd2 Qxh2 32. Qd1 h5 33. d5 Qd6 34. Qd3 Re5 35. Kf1 Qxd5 36. Qxd5 Rxd5 37. Ke2 g5 38. Bf2 f6 39. Bd4 Kf7 40. Kd3 h4 41. c4 bxc4+ 42. Kxc4 Rf5 43. a4 Ke6 44. Bb6 Kd6 45. Kd4 Rf4+ 0-1

[Event "EU-ch U18 Girls 30th"]
[Site "Antalya"]
[Date "2022.11.08"]
[Round "3"]
[White "Galvan Cipriani, Viviana"]
[Black "Kanyamarala, Trisha"]
[Result "1-0"]
[WhiteElo "2024"]
[BlackElo "2163"]
[PlyCount "66"]
[EventDate "2022.11.06"]
[EventType "swiss"]
[EventRounds "9"]
[EventCountry "TUR"]
[SourceTitle "CBM 211 Extra"]
[Source "ChessBase"]
[SourceDate "2023.01.31"]
[SourceVersion "1"]
[SourceVersionDate "2023.01.31"]
[SourceQuality "1"]

1. c4 e5 2. g3 Nf6 3. Bg2 d5 4. cxd5 Nxd5 5. Nc3 Nb6 6. Nf3 Nc6 7. b3 Be7 8. Bb2 0-0 9. 0-0 Re8 10. d3 Bf8 11. Rc1 f6 12. Ne4 Nd4 13. e3 Nxf3+ 14. Qxf3 Be6 15. Nc5 Bxc5 16. Rxc5 c6 17. d4 Nd7 18. Rcc1 e4 19. Qxe4 Bc4 20. Qxe8+ Qxe8 21. bxc4 Qe7 22. d5 cxd5 23. cxd5 Nb6 24. Rfd1 Qd6 25. Bd4 Rc8 26. Rxc8+ Nxc8 27. Rc1 Qd7 28. e4 b6 29. f4 Ne7 30. Bf2 Qd6 31. Re1 Ng6 32. h4 h5 33. Bf3 Nxh4 1-0

[Event "EU-ch U18 Girls 30th"]
[Site "Antalya"]
[Date "2022.11.07"]
[Round "2"]
[White "Wikar, Martyna"]
[Black "Galvan Cipriani, Viviana"]
[Result "0-1"]
[WhiteElo "2252"]
[BlackElo "2024"]
[PlyCount "160"]
[EventDate "2022.11.06"]
[EventType "swiss"]
[EventRounds "9"]
[EventCountry "TUR"]
[SourceTitle "CBM 211 Extra"]
[Source "ChessBase"]
[SourceDate "2023.01.31"]
[SourceVersion "1"]
[SourceVersionDate "2023.01.31"]
[SourceQuality "1"]

1. e4 c5 2. Nf3 Nc6 3. Bb5 g6 4. 0-0 Bg7 5. c3 Nf6 6. Re1 0-0 7. d4 d5 8. e5 Ne4 9. Bxc6 bxc6 10. Be3 Qb6 11. Qc1 Rb8 12. b3 cxd4 13. cxd4 Be6 14. Nc3 Rfc8 15. Nxe4 dxe4 16. Nd2 Bd5 17. Qc2 f5 18. exf6 Bxf6 19. Nxe4 Bxd4 20. Bxd4 Qxd4 21. Rad1 Qg7 22. Qc5 e6 23. Nc3 Qf7 24. Rd3 Rc7 25. Rde3 Rf8 26. f3 Qf4 27. Ne2 Qh4 28. Nd4 Re8 29. Re5 Qe7 30. Qc3 Qd6 31. Qe3 Rce7 32. h4 Rf7 33. h5 Rf6 34. hxg6 Rxg6 35. Nf5 Qd7 36. Nh6+ Kh8 37. Ng4 Qg7 38. Rh5 Rg8 39. Kf2 Qb2+ 40. Re2 Qg7 41. Qe5 a5 42. Rh1 Rf8 43. Qxg7+ Rxg7 44. Ne3 a4 45. bxa4 Rf4 46. Nxd5 exd5 47. Rc1 Rg6 48. Re8+ Kg7 49. Re7+ Kg8 50. Rb1 Rgf6 51. Rb8+ Rf8 52. Rbb7 Rd8 53. Rg7+ Kf8 54. Rxh7 Kg8 55. Rbg7+ Kf8 56. Ra7 Kg8 57. Rhg7+ Kf8 58. Rg6 Rc4 59. Rh6 Kg8 60. Kg3 d4 61. Rh4 Rc2 62. Rg4+ Kf8 63. Rh7 Rd5 64. Rh8+ Kf7 65. Rh7+ Kf6 66. Rh6+ Kf7 67. Rf4+ Ke7 68. Rh7+ Kd6 69. Rf6+ Kc5 70. Rhh6 Kb6 71. Rh1 d3 72. Rd1 Rxa2 73. Rb1+ Kc5 74. Rf4 Rg5+ 75. Kh4 Rgxg2 76. Rb3 Rg7 77. Rc3+ Kb6 78. Kh3 Ra1 79. a5+ Kc7 80. Rg4 Rxg4 0-1

[Event "Santiago de Compostela Bicapawn GP B3"]
[Site "Santiago de Compostela"]
[Date "2022.10.20"]
[Round "1"]
[White "Galvan Cipriani, Viviana"]
[Black "Van Foreest, Jorden"]
[Result "0-1"]
[WhiteElo "1928"]
[BlackElo "2694"]
[PlyCount "92"]
[EventDate "2022.10.20"]
[EventType "swiss (blitz)"]
[EventRounds "9"]
[EventCountry "ESP"]
[SourceTitle "CBM 210 Extra"]
[Source "ChessBase"]
[SourceDate "2022.11.30"]
[SourceVersion "1"]
[SourceVersionDate "2022.11.30"]
[SourceQuality "1"]

1. c4 Nf6 2. Nc3 e5 3. g3 Bb4 4. Nd5 Nxd5 5. cxd5 0-0 6. Bg2 d6 7. a3 Ba5 8. Nf3 Nd7 9. 0-0 Nf6 10. b4 Bb6 11. Qb3 h6 12. Bb2 Bf5 13. d3 Qd7 14. Rfe1 a5 15. e4 Bh3 16. d4 exd4 17. Bxd4 Bxd4 18. Nxd4 Rfe8 19. Qc2 Bxg2 20. Kxg2 axb4 21. axb4 Rxa1 22. Rxa1 Nxe4 23. Ra7 g6 24. h4 Nf6 25. Rxb7 Nxd5 26. Qc6 Qxc6 27. Nxc6 Kg7 28. Kf3 Ra8 29. Na5 Nxb4 30. Rxb4 Rxa5 31. Rb7 Rc5 32. Ke4 Kf6 33. Ke3 Kf5 34. Rb8 d5 35. Rf8 Ke6 36. Kd4 Rc2 37. Ke3 c5 38. Re8+ Kf6 39. Rd8 d4+ 40. Kf3 Ke5 41. Re8+ Kd5 42. Re7 c4 43. Rxf7 c3 44. Rf6 d3 45. Ke3 d2 46. Ke2 Ke5 0-1